Market research handbook

Bibliographic Details
Corporate Author: ProQuest (Firm)
Other Authors: Hamersveld, Mario van., Bont, Cees de, 1964-
Format: Electronic eBook
Language:English
Published: Chichester, West Sussex, England ; Hoboken, N.J.. : John Wiley & Sons, c2007.
Edition:5th ed. /
Subjects:
Online Access:Click to View
LEADER 01580nam a2200397 a 4500
001 EBC470761
003 MiAaPQ
005 20200520144314.0
006 m o d |
007 cr cn|||||||||
008 070515s2007 enka sb 001 0 eng d
010 |z  2007020425 
020 |z 9780470517680 (cloth : alk. paper) 
020 |z 9780470517932 
035 |a (MiAaPQ)EBC470761 
035 |a (Au-PeEL)EBL470761 
035 |a (CaPaEBR)ebr10297715 
035 |a (CaONFJC)MIL234824 
035 |a (OCoLC)536159800 
040 |a MiAaPQ  |c MiAaPQ  |d MiAaPQ 
050 4 |a HF5415.2  |b .H285 2007 
082 0 4 |a 658.8/3  |2 22 
245 0 0 |a Market research handbook  |h [electronic resource]. 
250 |a 5th ed. /  |b edited by Mario van Hamersveld, Cees de Bont. 
260 |a Chichester, West Sussex, England ;  |a Hoboken, N.J.. :  |b John Wiley & Sons,  |c c2007. 
300 |a xxvi, 627 p. :  |b ill. 
500 |a Rev. ed. of: The ESOMAR handbook of market and opinion research / edited by Colin McDonald, Phyllis Vangelder. 4th ed. c1998. 
504 |a Includes bibliographical references and index. 
533 |a Electronic reproduction. Ann Arbor, MI : ProQuest, 2015. Available via World Wide Web. Access may be limited to ProQuest affiliated libraries. 
650 0 |a Marketing research. 
655 4 |a Electronic books. 
700 1 |a Hamersveld, Mario van. 
700 1 |a Bont, Cees de,  |d 1964- 
710 2 |a ProQuest (Firm) 
730 0 |a ESOMAR handbook of market and opinion research. 
856 4 0 |u https://ebookcentral.proquest.com/lib/matrademy/detail.action?docID=470761  |z Click to View